Bioaktívne zložky a antioxidačné vlastnosti lesných plodov

Gespeichert in:
Bibliographische Detailangaben
1. Verfasser: Ácsová, Aneta (Verfasst von)
Weitere Verfasser: Mikulajová, Anna (Betreuung Doktorarbeit)
Format: Manuskript Buch
Sprache:Slowakisch
Veröffentlicht: 2018
Schlagworte:
Online-Zugang:http://is.stuba.sk/zp/portal_zp.pl?podrobnosti=136223
Tags: Tag hinzufügen
Keine Tags, Fügen Sie das erste Tag hinzu!

MARC

LEADER 00000ntm a22000003a 4500
001 stuzp69868
003 SK-STU
005 20180602211410.1
007 ta
008 150427s2015----xo-----f-mn---000-0-slo-d
040 |a STU  |b slo 
041 0 |a slo 
100 1 |a Ácsová, Aneta  |u 040270  |4 aut  |U FCHPT Ústav potravinárstva a výživy  |T FCHPT Oddelenie výživy a hodnotenia kvality potravín  |X 63623  |U C0270  |Y 686  |7 63623 
242 0 1 |a Bioactive Components and Antioxidant Properties of Berries  |y eng 
245 1 0 |a Bioaktívne zložky a antioxidačné vlastnosti lesných plodov 
260 |c 2018 
650 4 |a antioxidačná aktivita  |2 slo 
650 4 |a brusnice  |2 slo 
650 4 |a fenolické zlúčeniny  |2 slo 
650 4 |a vitamín C  |2 slo 
650 4 |a cranberries  |2 eng 
650 4 |a antioxidant activity  |2 eng 
650 4 |a vitamin C  |2 eng 
650 4 |a phenolic compounds  |2 eng 
700 1 |a Mikulajová, Anna  |u 043360  |k Z2  |4 ths  |U FCHPT Ústav biochémie a mikrobiológie  |T FCHPT Oddelenie výživy a hodnotenia potravín  |X 3927  |U C3360  |Y 114  |7 3927 
856 4 |u http://is.stuba.sk/zp/portal_zp.pl?podrobnosti=136223